Get the Picture: Four Daisys Quiz Stats

 Plays Quiz Updated Mar 21, 2019

Score 0/20 Timer 03:00
0 Plays Today
Question Answer Wrong Answers
Last name is Duck Daisy Duck
95.1%
Daisy Ridley
0.4%
Princess Daisy
0.2%
Daisy Buchanan
0.3%
Has a boyfriend named Donald Daisy Duck
94.9%
Daisy Ridley
0.7%
Princess Daisy
0.2%
Daisy Buchanan
0.3%
Appeared in a Star Wars film Daisy Ridley
89.3%
Daisy Duck
0.7%
Princess Daisy
0.6%
Daisy Buchanan
4.6%
Created by Gunpei Yokoi Princess Daisy
86.1%
Daisy Ridley
2.7%
Daisy Duck
4.7%
Daisy Buchanan
1.8%
Created by F. Scott Fitzgerald Daisy Buchanan
85%
Daisy Ridley
3.8%
Daisy Duck
3%
Princess Daisy
3.6%
Is an actor Daisy Ridley
81.7%
Daisy Duck
1.2%
Princess Daisy
0.8%
Daisy Buchanan
11.7%
Last name is Buchanan Daisy Buchanan
81.7%
Daisy Ridley
9.7%
Daisy Duck
2.3%
Princess Daisy
1.7%
Last name is Ridley Daisy Ridley
79.5%
Daisy Duck
1%
Princess Daisy
2.8%
Daisy Buchanan
12.3%
Has three nieces: April, May and June Daisy Duck
78.6%
Daisy Ridley
3.2%
Princess Daisy
8.2%
Daisy Buchanan
5.4%
Has a cousin named Nick Carraway Daisy Buchanan
74%
Daisy Ridley
17.5%
Daisy Duck
0.8%
Princess Daisy
2.7%
From London Daisy Ridley
73.2%
Daisy Duck
0.6%
Princess Daisy
1.6%
Daisy Buchanan
19.7%
Was kidnapped by Tatanga Princess Daisy
72.6%
Daisy Ridley
13.3%
Daisy Duck
3%
Daisy Buchanan
6.5%
Is royalty Princess Daisy
70.9%
Daisy Ridley
15.3%
Daisy Duck
0.7%
Daisy Buchanan
8.7%
Lives on Long Island Daisy Buchanan
70.1%
Daisy Ridley
19.7%
Daisy Duck
1.8%
Princess Daisy
3.5%
Portrayed by Carey Mulligan, among others Daisy Buchanan
69.4%
Daisy Ridley
9.1%
Daisy Duck
10.6%
Princess Daisy
6.2%
From Sarasaland Princess Daisy
66.1%
Daisy Ridley
13.6%
Daisy Duck
4.3%
Daisy Buchanan
11.4%
Has an alias called Super Daisy Daisy Duck
59.6%
Daisy Ridley
3.3%
Princess Daisy
30.8%
Daisy Buchanan
2.1%
Created by Carl Barks Daisy Duck
51.3%
Daisy Ridley
8.7%
Princess Daisy
27.6%
Daisy Buchanan
7.7%
Middle name is Jazz Daisy Ridley
29.5%
Daisy Duck
13.2%
Princess Daisy
22.4%
Daisy Buchanan
30.1%
Portrayed in film by Samantha Mathis Princess Daisy
24.6%
Daisy Ridley
16.5%
Daisy Duck
10.4%
Daisy Buchanan
43.9%

Today's Daily Dose

Missing Word
Celine Dion

Word Ladder
Dr. Seuss Books

Quick Pick
Cities in India

Get the Picture
'A' Actresses

You're not logged in!

Compare scores with friends on all Sporcle quizzes.
OR
Log In

Sporcle TV

Today on Sporcle TV


Watch our educational content, quiz creation guides, and fun videos on Sporcle TV.

Show Comments

Extras

Top Quizzes Today


Score Distribution

Your Account Isn't Verified!

In order to create a playlist on Sporcle, you need to verify the email address you used during registration. Go to your Sporcle Settings to finish the process.

Report this User

Report this user for behavior that violates our Community Guidelines.

Details: